Исследование интерполяционных зависимостей для платинового термометра сопротивления в узких диапазонах температур; Измерительная техника; № 11

Dades bibliogràfiques
Parent link:Измерительная техника=Measurement Techniques: научно-технический журнал/ Российская Федерация, Федеральное агентство по техническому регулированию и метрологии (Ростехрегулирование) (Госстандарт России).— , 1940-1941, 1955-.— 0368-1025
№ 11.— 2004.— С. 39-43
Autor principal: Моисеева Н. П.
Idioma:rus
Publicat: 2004
Col·lecció:Теплофизические измерения
Matèries:
Format: MixedMaterials Capítol de llibre
KOHA link:https://koha.lib.tpu.ru/cgi-bin/koha/opac-detail.pl?biblionumber=395932

MARC

LEADER 00000naa2a2200000 4500
001 395932
005 20231101064718.0
035 |a (RuTPU)RU\TPU\prd\33601 
090 |a 395932 
100 |a 20050309a2004 k y0rusy50 ca 
101 0 |a rus 
102 |a RU 
200 1 |a Исследование интерполяционных зависимостей для платинового термометра сопротивления в узких диапазонах температур  |f Н. П. Моисеева 
225 1 |a Теплофизические измерения 
320 |a Библиогр.: 4 назв. 
461 1 |0 (RuTPU)RU\TPU\prd\1509  |x 0368-1025  |t Измерительная техника  |l Measurement Techniques  |o научно-технический журнал  |f Российская Федерация, Федеральное агентство по техническому регулированию и метрологии (Ростехрегулирование) (Госстандарт России)  |d 1940-1941, 1955- 
463 1 |0 (RuTPU)RU\TPU\prd\32185  |t № 11  |v С. 39-43  |d 2004 
610 1 |a температура 
610 1 |a платиновые термометры сопротивления 
610 1 |a интерполяция 
610 1 |a узкие диапазоны температур 
610 1 |a систематические отклонения 
610 1 |a функции Календара 
675 |a 539.531:519.685.4.08  |v 3 
700 1 |a Моисеева  |b Н. П. 
801 1 |a RU  |b 63413507  |c 20050309  |g PSBO 
801 2 |a RU  |b 63413507  |c 20121218  |g RCR 
942 |c BK